|
|
|
|
| LEADER |
00000nab a2200000 a 4500 |
| 001 |
vtls000915114 |
| 003 |
SK-MaSNL |
| 005 |
20260303172435.0 |
| 008 |
040720e19920202xo 0 slo |
| 035 |
|
|
|a KE24001
|
| 040 |
|
|
|a KEVKJB
|b slo
|c KEVKJB
|e AACR2
|
| 041 |
0 |
|
|a slo
|
| 044 |
|
|
|a xo
|c SK
|
| 080 |
|
|
|a 282
|2 1981
|
| 080 |
|
|
|a 929
|2 1981
|
| 100 |
1 |
|
|a Tkáč, Alojz,
|d 1934-2023
|4 aut
|9 228314
|
| 245 |
1 |
0 |
|a Biskup neodstúpi
|b Košický biskup píše Zmene
|
| 590 |
|
|
|a Tkáč, Alojz 1934-,
|b arcibiskup rímskokatolícky 2.3.1934-,
|
| 600 |
1 |
7 |
|a Tkáč, Alojz,
|d 1934-2023,
|2 KEVKJB
|9 228314
|
| 650 |
0 |
7 |
|a zmena
|2 KEVKJB
|9 887640
|
| 650 |
0 |
7 |
|a ohlasy
|2 KEVKJB
|9 494783
|
| 651 |
|
7 |
|a KE,
|2 KEVKJB
|9 877256
|
| 655 |
|
7 |
|a periodikum
|2 snkbucl
|9 29553
|
| 773 |
0 |
8 |
|t Katolícke noviny
|g Roč. 107
|g Roč. 28, č.5, 2.2.1992, s. 5
|
| 852 |
|
|
|a ZVYKNI
|b KIS3GCP
|
| 999 |
|
|
|c 2086524
|d 2088454
|